Success with your early years research project

Saved in:
Bibliographic Details
Main Author: WALKER, Rosie
Format: Book
Language:English
Published: Sage Publications 2014
Tags: Add Tag
No Tags, Be the first to tag this record!

MARC

LEADER 00000nam a22000007a 4500
008 210122b ||||| |||| 00| 0 eng d
020 |a 978-1-446-25626-8 
100 |a WALKER, Rosie. 
245 |a Success with your early years research project  |c Rosie Walker and Carla Solvason  |g xii: 147p; ill. 
260 |b Sage Publications  |c 2014  |h Los Angeles  |i 692623  |i 692624  |l LB1139.225 .W15  |m Early childhood education – Research – Methodology. 
942 |a lcc  |c BK  |e YUNUSA, A.A.  |f 22/01/2021 
952 |0 0  |1 0  |2 lcc  |4 0  |6 LB1139225 W15  |7 0  |9 1464  |a HOL  |b ED  |c LP  |d 2021-01-22  |l 0  |o LB1139.225 .W15  |p 2021-0261  |r 2021-01-22 00:00:00  |w 2021-01-22  |y BK 
952 |0 0  |1 0  |2 lcc  |4 0  |6 LB1139225 W15  |7 0  |9 1465  |a HOL  |b HOL  |c LP  |d 2021-01-22  |l 0  |o LB1139.225 .W15  |p 2021-0262  |r 2021-01-22 00:00:00  |w 2021-01-22  |y BK 
999 |c 768  |d 768